000 00756nam a22002537a 4500
003 UA-OsUOA
001 654
007 ta
008 20050623b un ||||| |||| 00| 0 ukr d
100 _aХоменко Л.Г.
090 _a681.5(091)(477)
_bХ76
942 _cBK
040 _aUA-OsUOA
_bukr
_cUA-OsUOA
_dUA-OsUOA
245 _aЕлектронна інформаційна цивілізація
_bМонографія
300 _a208 с.
955 _a1
041 _aukr
080 _a681.5(091)(477)
020 _a966-8283-11-2
260 _aК.
_bБІЗОН
_c2004
246 3 1 _aдосвід розбудови в Україні
_n
650 7 _a681.5 Автоматика. Технічна кібернетика
_2UDC
999 _c286819
_d286819